000 00651nam a22002297a 4500
003 UA-OsUOA
001 39598
007 ta
008 20060622b un ||||| |||| 00| 0 ukr d
100 _aЛитвинов В.Д.
090 _a140.8(477)
_bЛ64
942 _cBK
040 _aUA-OsUOA
_bukr
_cUA-OsUOA
_dUA-OsUOA
245 _aІдеї раннього Просвітництва у філософській думці України
300 _a152 с.
955 _a1
041 _aukr
080 _a140.8(477)
260 _aК.
_bНаукова думка
_c1984
650 7 _a1 Філософські науки
_2UDC
999 _c325740
_d325740